C lculo con geometría analítica / C. H. Edwards, David E. Penney (Registro nro. 19521)

Detalles MARC
000 -LÍDER
fixed length control field 00536nam a2200169 4500
008 - ELEMENTOS DE LONGITUD FIJA -- INFORMACIÓN GENERAL
fixed length control field 0 1987 0a 000 0Mex
020 ## - NÚMERO INTERNACIONAL NORMALIZADO PARA LIBROS
ISBN 968-8800-86-4
050 ## - SIGNATURA TOPOGRAFICA DE LA BIBLIOTECA DEL CONGRESO (LC)
Número de Clasificación QA303 E26
082 ## - NUMERO DE CLASIFICACION DECIMAL DEWEY
Número de Clasificación 515.15 E527c
100 ## - ASIENTO PRINCIPAL--NOMBRE PERSONAL
Nombre personal Edwards, C. H.
245 ## - TÍTULO
Título C lculo con geometría analítica / C. H. Edwards, David E. Penney
250 ## - MENCIÓN DE EDICIÓN
Mención de edición 2a. edic. del ingles
260 ## - PUBLICACIÓN, DISTRIBUCIÓN, ETC. (PIE DE IMPRENTA)
Lugar de publicación, distribución, etc. México : Prentice- Hall
300 ## - DESCRIPCIÓN FÍSICA
Extensión xiii, 1042 p. , 88 p. / 27 cm.
650 ## - ASIENTO SECUNDARIO DE MATERIA - TERMINO TEMÁTICO
Término temático o nombre geográfico como elemento de entrada 1. CALCULO \ 2. GEOMETRIA ANALITICA
700 ## - ASIENTO SECUNDARIO - NOMBRE PERSONAL
Nombre personal I. Penney, David E., coaut.
Existencias
No. biblioteca No. biblioteca Número de clasificación Código de barras/Número de adquisición Número de copia Tipo de material
LUIS G. INCLAN LUIS G. INCLAN 515.15 E527c 33472 20 Libros
LUIS G. INCLAN LUIS G. INCLAN 515.15 E527c 18552 6 Libros
LUIS G. INCLAN LUIS G. INCLAN 515.15 E527c 24775 14 Libros
LUIS G. INCLAN LUIS G. INCLAN 515.15 E527c 18555 9 Libros
Calzada Tecnológico # 27, Zacatepec, Morelos.
01(734) 343-07-23 / 343-21-10 / 343-21-11
Apdo. Postal 45 C.P 62780